Time Travel in Einsteins Universe: The Physical Possibilities of Travel Through Time (Record no. 223630)
[ view plain ]
| 000 -LEADER | |
|---|---|
| fixed length control field | 01691nam a22002297a 4500 |
| 005 - DATE AND TIME OF LATEST TRANSACTION | |
| control field | 20220707142953.0 |
| 008 - FIXED-LENGTH DATA ELEMENTS--GENERAL INFORMATION | |
| fixed length control field | 220707b ||||| |||| 00| 0 eng d |
| 020 ## - INTERNATIONAL STANDARD BOOK NUMBER | |
| International Standard Book Number | 0753813491 |
| 040 ## - CATALOGING SOURCE | |
| Transcribing agency | AL |
| 041 ## - LANGUAGE CODE | |
| Language code of text/sound track or separate title | English |
| 082 ## - DEWEY DECIMAL CLASSIFICATION NUMBER | |
| Edition number | 23 |
| Classification number | 530.11 |
| Item number | GOTT |
| 100 ## - MAIN ENTRY--PERSONAL NAME | |
| Personal name | J Richard Gott |
| 100 ## - MAIN ENTRY--PERSONAL NAME | |
| 9 (RLIN) | 47544 |
| 245 ## - TITLE STATEMENT | |
| Title | Time Travel in Einsteins Universe: The Physical Possibilities of Travel Through Time |
| 260 ## - PUBLICATION, DISTRIBUTION, ETC. | |
| Place of publication, distribution, etc. | Great Britain |
| Name of publisher, distributor, etc. | Phoenix |
| Date of publication, distribution, etc. | 2002 |
| 300 ## - PHYSICAL DESCRIPTION | |
| Extent | xii,291 p. |
| Other physical details | PB |
| Dimensions | 20x12.5 cm. |
| 520 ## - SUMMARY, ETC. | |
| Summary, etc. | One of the world's most outstanding astrophysicists provides a state-of-the-art investigation into the possibility of time travel.<br/>Human beings have a strong desire to travel through time. Although scientists are not yet taking out patents on a time machine, they are investigating whether it is possible under the laws of physics. In Newton's three-dimensional world this would have been inconceivable. But with Einstein's theory of relativity a fourth dimension time enters the frame. Is it really inconceivable that we can traIn this book Richard Gott offers an intellectually expansive, witty and engaging study of the viability of time travel, which takes us from the dream of time travel itself in H. G. Wells's path-breaking novel THE TIME MACHINE to cutting-edge research into astrophysics and quantum teleportation. He explores the scientific, social and moral implications of time travel, and looks at recent remarkable experiments in which fundamental particles were actually sent into the future.vel along the timeline?<br/> |
| 650 ## - SUBJECT ADDED ENTRY--TOPICAL TERM | |
| Topical term or geographic name entry element | Time travel |
| 9 (RLIN) | 47545 |
| 650 ## - SUBJECT ADDED ENTRY--TOPICAL TERM | |
| Topical term or geographic name entry element | Space and time |
| 9 (RLIN) | 47546 |
| 650 ## - SUBJECT ADDED ENTRY--TOPICAL TERM | |
| Topical term or geographic name entry element | Cosmology |
| 9 (RLIN) | 47547 |
| 700 ## - ADDED ENTRY--PERSONAL NAME | |
| Personal name | GOTT (J Richard) |
| 9 (RLIN) | 47548 |
| 942 ## - ADDED ENTRY ELEMENTS (KOHA) | |
| Source of classification or shelving scheme | Dewey Decimal Classification |
| Koha item type | George Fernandes Collections |
| Withdrawn status | Lost status | Source of classification or shelving scheme | Damaged status | Not for loan | Collection code | Home library | Current library | Date acquired | Total Checkouts | Full call number | Barcode | Date last seen | Price effective from | Koha item type |
|---|---|---|---|---|---|---|---|---|---|---|---|---|---|---|
| Dewey Decimal Classification | Physics | St Aloysius Library | St Aloysius Library | 03/23/2013 | 530.11 GOTT | GF03575 | 07/07/2022 | 07/07/2022 | George Fernandes Collections |